Online Catalogue and eLibrary

Peace as process : (Record no. 211)

MARC details
000 -LEADER
fixed length control field 00683cam a2200217 a 4500
001 - CONTROL NUMBER
control field 12559422
005 - DATE AND TIME OF LATEST TRANSACTION
control field 20240129055025.0
008 - FIXED-LENGTH DATA ELEMENTS--GENERAL INFORMATION
fixed length control field 010724s2001 ii b 101 0 eng
020 ## - INTERNATIONAL STANDARD BOOK NUMBER
ISBN 8173043973
040 ## - CATALOGING SOURCE (பட்டியலாக்க மூலம்)
Original cataloging agency DLC
Transcribing agency DLC
Modifying agency DLC
082 00 - DDC Classification
Class No. 327.1/7/0954
DDC Edition Number 21
245 00 - TITLE STATEMENT
Title Peace as process :
Remainder of title reconciliation and conflict resolution in South Asia /
Statement of responsibility, etc. edited by Ranabir Samaddar, Helmut Reifeld.
260 ## - PUBLICATION, DISTRIBUTION, ETC.
Place of publication, distribution, etc. New Delhi :
Name of publisher, distributor, etc. Manohar Publishers & Distributors,
Date of publication, distribution, etc. 2001.
300 ## - PHYSICAL DESCRIPTION
Extent (e.g. Volumes, Pages etc.) 328 p. ;
500 ## - GENERAL NOTE
General note "Konrad Adenauer Foundation."
650 #0 - SUBJECT ADDED ENTRY--TOPICAL TERM
Topical term or geographic name entry element Peace
650 #0 - SUBJECT ADDED ENTRY--TOPICAL TERM
Topical term or geographic name entry element Conflict management
700 1# - ADDED ENTRY--PERSONAL NAME
Personal name Samāddāra, Raṇabīra.
Relator term (Role) Editor
700 1# - ADDED ENTRY--PERSONAL NAME
Personal name Reifeld, Helmut.
Relator term (Role) Editor
942 ## - Koha item type (Biblio)
Koha item type Books in Stacks (Lending)
Holdings
Lost status Damaged status Collection code Home library Current library Date acquired Full call number Accession Number Item type
    Lending WERC Library WERC Library 01/29/2024 327.1/7/0954 5585 Books in Stacks (Lending)

© WERC Library